000 00819nam a2200205Ia 4500
001 857
003 GE_BSU
008 181216s||||||||xx |||||||||||||| ||und||
020 _a9785978300017
040 _cGE_BSU
080 _a61-053.1(075.8):575.191(075.8)
100 _aБоровкова,Л.В; Воскресенская,С.В; Удалова,О.В;
245 _aМедико- генетическое консультирование и пренательная диагростика врожденных и наследственных заболеваний.
260 _aНовгород
260 _c2007
300 _a56 с.
541 _h15 л.
653 _aМедико- генетическое консультирование и пренательная диагностика.
942 _cBK
999 _c35018
_d35018